000 00548nam a2200217Ia 4500
003 OSt
005 20220926040119.0
006 a|||||r|||| 00| 0
007 ta
008 220923b |||||||| |||| 00| 0 eng d
037 _cGeneral Book
040 _aRTL
_cRTL
_beng
041 _2eng
_aeng
082 _aX62:5.2.N5, J0
100 _aSuneja L R
_9127394
245 0 _aBankers objections in unpaid cheques
260 _c1950
650 _aBank
942 _hX62:5.2.N5, J0
_cGB
_2CC
999 _c663917
_d663917